| Tag |
First Indicator |
Second Indicator |
Subfields |
| LEADER |
00000cam a2200000Ia 4500 |
| 001 |
in00002017113 |
| 005 |
20151031150045.0 |
| 008 |
030925s2003 sp 000 1 spa d |
| 020 |
|
|
|a 8423335585 :
|c $39.95
|
| 035 |
|
|
|a (OCoLC)ocm53143497
|
| 040 |
|
|
|a PL#
|c PL#
|d I5B
|d TEF
|d UtOrBLW
|
| 049 |
|
|
|a TXAM
|
| 050 |
1 |
4 |
|a PQ6621.A38
|b M85 2003
|
| 082 |
0 |
4 |
|a 863/.64
|2 22
|
| 100 |
1 |
|
|a Laforet, Carmen.
|
| 245 |
1 |
3 |
|a La mujer nueva /
|c Carmen Laforet ; edición y prólogo de Israel Rolón Barada.
|
| 264 |
|
1 |
|a Barcelona :
|b Ediciones Destino,
|c [2003]
|
| 264 |
|
4 |
|c ©2003
|
| 300 |
|
|
|a 334 pages ;
|c 23 cm.
|
| 336 |
|
|
|a text
|b txt
|2 rdacontent
|
| 337 |
|
|
|a unmediated
|b n
|2 rdamedia
|
| 338 |
|
|
|a volume
|b nc
|2 rdacarrier
|
| 490 |
0 |
|
|a Colección Ancora y delfín ;
|v v.984
|
| 500 |
|
|
|a Premio Menorca 1955.
|
| 650 |
|
7 |
|a Novela española.
|2 bidex
|
| 700 |
1 |
|
|a Rolón Barada, Israel.
|
| 938 |
|
|
|a Puvill Libros
|b PUVL
|n 8423335585
|c $24.19
|
| 938 |
|
|
|a Iberbook International S.L.
|b IBER
|n 175414
|c EUR19.00
|
| 948 |
|
|
|a cataloged
|b h
|c 2004/12/8
|d c
|e cmulkey
|f 8:33:09 am
|
| 994 |
|
|
|a C0
|b TXA
|
| 999 |
|
|
|a MARS
|
| 999 |
f |
f |
|s 1180ff5f-29fe-3eb7-af4a-a81aa5053932
|i 01e2ab90-334a-3057-9863-397c789d13b5
|t 0
|
| 952 |
f |
f |
|p normal
|a Texas A&M University
|b College Station
|c Sterling C. Evans Library
|d Evans: Library Stacks
|t 0
|e PQ6621.A38 M85 2003
|h Library of Congress classification
|i unmediated -- volume
|m A14831656425
|
| 998 |
f |
f |
|a PQ6621.A38 M85 2003
|t 0
|l Evans: Library Stacks
|